000 nam a22 a 4500
999 _c1766
_d1766
003 AKMAL
005 20170511153509.0
008 170511s2003 my e i 001 0 may d
020 _a9676114731 (kkt.) :
_cRM24.00
039 9 _a201305201008
_bfadzli
_c200806181705
_dfarahini
_c200805210838
_dfadilah
_c200509170917
_dmanoriah
040 _aAKMAL
_cAKMAL
049 0 0 _apmaklpmal
082 0 4 _a338.04 MOH
_221
090 0 0 _a338.04
_bMOH
090 2 0 _a338.04
_bMOH
100 0 _aMuhammad Ali Haji Hashim
_93654
245 1 0 _aBisnes satu cabaran jihad :
_bpembudayaan bisnes untuk survival /
_cMuhammad Ali Haji Hashim
260 _aKuala Lumpur :
_bUtusan Publications & Distributors,
_c2003
300 _axx, 240ms. ;
_c24cm.
500 _aMengandungi indeks
500 _aKoleksi Peribadi YABhg. Tun Ahmad Sarji (2100524)
504 _aMengandungi rujukan bibliografi
650 0 _aEntrepreneurship
_93655
650 0 _aSuccess in business
_91084
942 _2ddc
_cBOOK